| 000 | 01129nam a22003257a 4500 | ||
|---|---|---|---|
| 003 | CHAP | ||
| 005 | 20220329143844.0 | ||
| 008 | 120223s1980 mx r 00010 spa d | ||
| 010 | _a102827 | ||
| 011 | _a103799 | ||
| 035 | _a114488 | ||
| 040 | _cCHAP | ||
| 090 | _aTesis | ||
| 100 | 0 | 0 |
_aOrtiz Olguín, Miguel. _984037 |
| 245 | 1 | 0 |
_aAridisoles de illescas, mun. de Santo Domingo, S.L.P., y sus relaciones con Phaseolus vulgaris Var. Flor de mayo _c/por Miguel Ortiz Olguín |
| 260 |
_aChapingo, Méx. : _bEl autor, _c1980 |
||
| 300 |
_a127 h. : _bilus. |
||
| 502 | _aTesis (Biólogo) -- UNAM. Facultad de Ciencias | ||
| 590 |
_aALEPH _b10 _c20130110 _lUCH01 _h1544 |
||
| 590 |
_aBATCH-UPD _b10 _c20130110 _lUCH01 _h1413 |
||
| 590 |
_aBATCH-UPD _b10 _c20130410 _lUCH01 _h0859 |
||
| 590 |
_aBATCH-UPD _b10 _c20130914 _lUCH01 _h1124 |
||
| 590 |
_aCONVERSION _b10 _c20130109 _lUCH01 _h1357 |
||
| 650 | 1 | 4 |
_aCultivos _xSan Luis Potosí. _930324 |
| 650 | 1 | 4 |
_aFrijol flor de mayo. _943468 |
| 650 | 1 | 4 |
_aPhaseolus. _987769 |
| 901 | _aBK | ||
| 942 | _cTESIS | ||
| 949 |
_aTesis _bBC _cTES _d33724002325975 _eTS1 _gDonaciØn _h53373 _i114488 _sb |
||
| 999 |
_c102827 _d102827 |
||